000 00263nam a22001217a 4500
041 _aENG
100 _aFao
245 _aGuidelines Land Evaluation For Rainfed Agriculture
260 _aRome
_bFAO
_c1983
300 _a237
650 _aFAO
856 _uFAO ( 1 )
999 _c2302
_d2302